| 000 | 02683cam a22005774i 4500 | ||
|---|---|---|---|
| 003 | PE-LiUPU | ||
| 005 | 20250731180102.0 | ||
| 008 | 150617s1984 mx a r 001 0 spa d | ||
| 020 | _a9682604303 | ||
| 035 | _a(Sirsi) i9789682604300 | ||
| 040 |
_aPE-LiUPU _bspa _cPE-LiUPU _erda |
||
| 049 | _aPRUA | ||
| 082 | 0 | 4 |
_a543 _bS31 _221 |
| 100 | 1 |
_aSchenk, George H., _eautor. |
|
| 245 | 1 | 0 |
_aQuímica analítica cuantitativa : _bprincipios y aplicaciones a las ciencias de la vida / _cGeorge H. Schenk, Richard B. Hahn, Arleigh V. Hartkopf ; traductor, Gustavo Garduño Sánchez . |
| 264 | 1 |
_aMéxico : _bCompañía Editorial Continental, _c1984. |
|
| 300 |
_a602 páginas : _bilustraciones ; _c25 centímetros |
||
| 336 |
_atext _2rdacontent |
||
| 337 |
_aunmediated _2rdamedia |
||
| 338 |
_avolume _2rdacarrier |
||
| 504 | _aÍndice: páginas 597-602. | ||
| 505 | 0 | _aFundamentos: Introducción al análisis químico -- Tratamiento de datos -- Muestreo y preparación de la muestra -- Algunos métodos de análisis instrumentales: Introducción a los métodos de análisis instrumentales -- Introducción a la espectrofotometría y a los instrumentos espectrofotométricos -- Aplicaciones de la espectrofotometría -- Separaciones y análisis clínicos: Introducción a las separaciones: extracción líquido-líquido -- Teoría de la cromatografía -- Aplicaciones de la cromatografía -- Experimentos seleccionados: Cinco métodos para la determinación de cloruros -- Preparación y valoración de NaOH -- Preparación y valoración de HCL -- Análisis y valoración de magnesia. | |
| 526 | _aSEG44 | ||
| 526 | _aSEG26 | ||
| 526 | _aP159 | ||
| 526 | _aP155 | ||
| 526 | _aP154 | ||
| 526 | _aP153 | ||
| 526 | _aP150 | ||
| 526 | _aP100 | ||
| 526 | _aP31 | ||
| 526 | _aP30 | ||
| 526 | _aP26 | ||
| 526 | _aP25 | ||
| 526 | _aP24 | ||
| 526 | _aP22 | ||
| 526 | _aP15 | ||
| 526 | _aP10 | ||
| 650 | 0 | 4 | _aQuímica analítica Cuantitativa. |
| 700 | 1 |
_aGarduño Sánchez, Gustavo, _etraductor. |
|
| 700 | 1 |
_aHahn, Richard B., _eautor. |
|
| 700 | 1 |
_aHartkopf, Arleigh V., _eautor. |
|
| 910 |
_ajck _bjvq _cjck _d20150616 |
||
| 910 |
_bksl _cksl _d20190509 |
||
| 942 |
_2ddc _cBOOK |
||
| 949 |
_a543 SCH31 _wDEWEY _c1 _i27962 _lCCODEBUL1 _mBUL _r0 _sY _tBOOK _u2015-4-21 _xEDUCACION _zUNKNOWN _0COMPRA _o.STAFF. Colección Ciencias Humanas y Educación |
||
| 994 |
_aC0 _bPEPRU |
||
| 596 | _a1 | ||
| 999 |
_a543 S31 _wDEWEY _c17393 _i27962 _f2021-11-5 _g6 _lCCODEBUL1 _mBUL _p28.00 _r0 _sY _tBOOK _u2015-4-21 _xBIBLIOTECA _zUNKNOWN _0COMPRA _o.STAFF. Colección Ciencias Humanas y Educación _d17393 |
||
| 980 |
_81 _gALBERTO SANCHEZ Responsable de Automatización |
||